15 najludniejszych państw Ameryki południowej i Oceanii - Statystyki

Ogólne statystyki
  • Ten quiz został rozwiązany 56 razy
  • Średni wynik to 14 z 15
Statystyki odpowiedzi
Hint Odpowiedź % Poprawnych
212,600,000 Brazylia
100%
19,120,000 Chile
100%
45,380,000 Argentyna
98%
50,880,000 Kolumbia
96%
7,130,000 Paragwaj
96%
32,970,000 Peru
96%
28,440,000 Wenezuela
96%
25,690,000 Australia
94%
17,640,000 Ekwador
92%
5,080,000 Nowa zelandia
92%
786,000 Gujana
90%
3,474,000 Urugwaj
90%
11,670,000 Boliwia
88%
8,940,000 Papua-nowa gwinea
75%
894,000 Fidżi
67%
Nie znaleziono quizów pasujących do podanych kryteriów
Rozkład punktacji
Procent ludzi z każdym wynikiem
Percentyl według liczby udzielonych odpowiedzi
Twoja historia wyników
Nie rozwiązałeś tego quizu